| 000 | 01128cam a22002054a 4500 | ||
|---|---|---|---|
| 005 | 20250605163929.0 | ||
| 008 | 250528s ||||||||||||||||||||||||d | ||
| 035 | _a14625 | ||
| 020 | _a863775144 | ||
| 040 |
_aGR-AtMCL _bgre _dGR-AtMCL _eAACR2 |
||
| 245 | 1 | _aWorking Memory and Thinking | |
| 260 |
_bPsychology Press, _c1998 |
||
| 300 | _a168 | ||
| 520 | _aThe present volume aims to break down the scientific divisions and foster scientific integration in the connections between these two core functions of cognition. List of Contributors, Thinking in Working Memory, Working Memory and Strategies and Reasoning Tasks, The Role of Working Memory in Age Differences in Reasoning, Dualism Down the Drain: Thinking in the Brain, Working Memory and Comprehension, Working Memory and Expert Performance, Adversary Problem-Solving and Working Memory, Development of Processing Capacity Entails Representing More Complex Relations: Implications for Cognitive Development, Author and Subject Index. | ||
| 700 | 1 |
_aGilhooly Kenneth J _9359 |
|
| 700 | 1 |
_aLogie Robert H. _9355 |
|
| 942 | _cBK | ||
| 999 |
_c249 _d249 |
||